000 00447nam a2200121Ia 4500
008 220621s9999||||xx |||||||||||||| ||und||
100 _aGoncalo C. Justino
245 0 _aFlavonoids - From Biosynthesis to Human Health
546 _aEnglish[eng]
650 _aLife Sciences||Plant Biology||Food Chemistry||Agricultural and Biological Sciences
856 _uhttps://www.intechopen.com/books/flavonoids-from-biosynthesis-to-human-health
942 _cEB
999 _c35726
_d35726